Detail Contemporary Concrete Architecture /

Descripción de proyectos arquitectónicos en concreto, de géneros diversos y desarrollados en sitios múltiples alrededor del mundo, que ponen en evidencia las potencialidades del concreto como material constructivo.

Uloženo v:
Podrobná bibliografie
Hlavní autor: Phillips, David (autor)
Další autoři: Yamashita, Megumi (autor) (autor)
Médium: Kniha
Jazyk:angličtina
Vydáno: Londres, Inglaterra : Laurence King, 2012, c2012
Témata:
Tagy: Přidat tag
Žádné tagy, Buďte první, kdo vytvoří štítek k tomuto záznamu!

MARC

LEADER 00000nam^a2200000^a^4500
001 000338223
005 20250521000000.0
009 20260310114350.08
020 |a 978-1-78067-009-6 
037 |a Acervo ITESO - Biblioteca 
041 |a ING 
082 |a 721. 0445  |b PHI 
100 |a Phillips, David  |e (autor) 
245 1 0 |a Detail Contemporary Concrete Architecture /  |c D. Phillips, M. Yamashita. 
264 4 |a Londres, Inglaterra :  |b Laurence King,  |c 2012, c2012 
300 |a 224 p. +  |e 1 disco compacto de computadora 
336 |a texto  |b txt  |2 rdacontenido 
337 |a sin mediación  |b n  |2 rdamedio 
338 |a volumen  |b nc  |2 rdasoporte 
520 |a Descripción de proyectos arquitectónicos en concreto, de géneros diversos y desarrollados en sitios múltiples alrededor del mundo, que ponen en evidencia las potencialidades del concreto como material constructivo. 
649 |a XX 
650 |a Museos 
650 |a Centros Culturales 
650 |a Residencias 
650 |a Conservatorios y Salas de Conciertos 
650 |a Escuelas 
650 |a Oficinas Empresariales 
650 |a Edificios Públicos 
650 |a Concreto -  |x Tema Principal 
650 |a Materiales de Construcción 
650 |a Construcción 
650 |a Diseño Estructural 
650 |a Diseño Arquitectónico 
650 |a Arquitectura (Tendencias Recientes) -  |x Tema Principal 
650 |a Arquitectura -  |x Historia y Crítica 
650 |a Arquitectura -  |y Siglo XXI 
650 |a Arte (Tendencias Recientes) -  |x Historia y Crítica 
650 |a Arte -  |y Siglo XXI 
700 |a Yamashita, Megumi  |e (autor) 
910 |a Fondo General 
920 |a Impresos - Libros 
930 |a Reserva Especial 
905 |a 103 
901 |a 0500228463  |b IT1  |c REE  |i C138434  |u 20250521 
901 |a 0500288388  |b IT2  |c SWB  |i C138434  |u 20250521 
902 |a https://opac.biblio.iteso.mx/vufind/Record/000338223